| 000 | 00586nam a2200157Ia 4500 | ||
|---|---|---|---|
| 999 |
_c7332 _d7332 |
||
| 020 | _a9781847875631 | ||
| 082 | _aRR 361.3 INT- | ||
| 245 | 0 | _aInternational social work | |
| 260 |
_aLos Angeles _bSage Publications _c2010 |
||
| 440 | _aSage library of social welfare | ||
| 500 | _acontents: 4 Vols. Vol.1 (Welfare theory and approaches), (lxi, 384p.) - v. 2 (Social work practice), (xxxii, 390p.) - v.3 (Social work research), (xviii, 358p.) - v.4 (Future challenges), (xxi, 401p.) | ||
| 650 | _aSocial service | ||
| 700 | _aGray, Mel | ||
| 700 | _aWebb, Stephen A. | ||
| 942 |
_cBK _2ddc |
||